000 00741nam a2200205Ii 4500
003 JO-AjNU
008 230605s9999||||xx |||||||||||||| ||und||
040 _aJO-AjNU
_bara
_erda
_cJO-AjNU
041 _aara
050 1 4 _aHD62.4.J39 2018
100 3 _aجواد، شوقي ناجي / م.مشارك هيثم علي حجازي,
_eauthor
_958027
245 0 0 _aإدارة الأعمال الدولية
250 _aط1
264 3 1 _aعمان: دار صفاء للطباعة والنشر والتوزيع، 2018
300 _a426ص
336 _atext
_btxt
_2rdacontent
337 _aunmediated
_bn
_2rdamedia
338 _avolume
_bnc
_2rdacarrier
650 4 _aإدارة الأعمال - الشركات الدولية - إدارة
_958028
999 _aA26037
_c29605
_d29605